Diverzifikácia dodávateľov energonosičov z tretích krajín do EÚ a konkurencia zo strany Číny
Problematika energetickej bezpečnosti a hľadanie možností jej riešenia. Závislosť krajín Európskej únie od dovozov fosílnych palív. Dôležitosť diverzifikácie zdrojov energie. Energetická politika EÚ. Konkurencia Číny pri získavaní zdrojov energie. PZI Číny vo vybraných krajinách Južnej Ameriky. Kraj...
Gespeichert in:
| 1. Verfasser: | |
|---|---|
| Weitere Verfasser: | |
| Format: | Buchkapitel |
| Sprache: | Slowakisch |
| Schlagworte: | |
| Tags: |
Keine Tags, Fügen Sie das erste Tag hinzu!
|
MARC
| LEADER | 00000naa$a2200000$$$4500 | ||
|---|---|---|---|
| 001 | 0148803 | ||
| 005 | 20240502072657.6 | ||
| 041 | 0 | |a slo | |
| 044 | |a SK | ||
| 245 | 1 | 0 | |a Diverzifikácia dodávateľov energonosičov z tretích krajín do EÚ a konkurencia zo strany Číny |c Viera Gavaľová, Boris Baumgartner |
| 520 | |a Problematika energetickej bezpečnosti a hľadanie možností jej riešenia. Závislosť krajín Európskej únie od dovozov fosílnych palív. Dôležitosť diverzifikácie zdrojov energie. Energetická politika EÚ. Konkurencia Číny pri získavaní zdrojov energie. PZI Číny vo vybraných krajinách Južnej Ameriky. Krajiny s najvyššími potvrdenými rezervami ropy na svete v r. 2010. Krajiny s najvyššími rezervami ropy a plynu v Latinskej Amerike. | ||
| 610 | 2 | 0 | |a politika energetická |
| 610 | 2 | 0 | |a bezpečnosť energetická |
| 610 | 2 | 0 | |a energetika |
| 610 | 2 | 0 | |a zdroje energetické |
| 610 | 2 | 0 | |a ropa |
| 610 | 2 | 0 | |a plyn zemný |
| 610 | 2 | 0 | |a zdroje energie obnoviteľné |
| 610 | 2 | 0 | |a spotreba |
| 610 | 2 | 0 | |a diverzifikácia |
| 610 | 2 | 0 | |a svet |
| 610 | 2 | 0 | |a Čína |
| 100 | 1 | |a Gavaľová, Viera | |
| 700 | 1 | |a Baumgartner, Boris | |